| 000 | | | 05650cbc2a2200000#x 450 |
| 001 | | | f7dc0a85-ff28-4833-8720-309cb616fbd2 |
| 005 | | | 20240516162406.0 |
| 101 | 0# | $a | rus |
| 102 | ## | $a | RU |
| 200 | 1# | $a | Дело по отношению канцелярии министра народного просвещения о сдаче книг в библиотеку Департамента народного просвещения |
| | $j | 18 ноября 1859 г. - 12 декабря 1861 г. |
| 251 | ## | $c | Дело |
| 215 | ## | $a | 8 листов |
| | $d | 36,5х26 см |
| 225 | 0# | $a | Фонд Департамент народного просвещения Министерства народного просвещения |
| | $h | Опись № 11 |
| 801 | #0 | $a | RU |
| | $b | РГИА |
| 801 | #1 | $a | RU |
| | $b | ПБ им. Б.Н. Ельцина |
| | $2 | rusmarc |
| | $c | 20160401 |
| 801 | #2 | $a | RU |
| | $b | ПБ им. Б.Н. Ельцина |
| | $g | RCR |
| | $2 | rusmarc |
| 850 | ## | $a | Федеральное казенное учреждение "Российский государственный исторический архив" |
| 852 | ## | $a | РГИА |
| | $j | 456 |
| 100 | ## | $a | 20130927l18591861k##a0rusy0102####ca |
| 937 | ## | $d | 10884227 |
| | $h | ПБ |
| 105 | ## | $a | y### |
| 122 | 2# | $a | d18591118## |
| | $a | d18611212## |
| 461 | #0 | $1 | 001a74412a3-3cc5-4d21-8f0a-dfe2fbd9e72d |
| | $1 | 2001 |
| | $a | Департамент народного просвещения Министерства народного просвещения |
| | $1 | 251 |
| | $c | Фонд |
| | $1 | 852 |
| | $j | 733 |
| 462 | #0 | $1 | 001ffd893cf-5e9b-4ec2-a774-84915dcec813 |
| | $1 | 2001 |
| | $a | 1856-1862 гг. |
| | $v | Д. 456 |
| | $1 | 251 |
| | $c | Опись |
| | $1 | 852 |
| | $j | 11 |
| 035 | ## | $a | f7dc0a85-ff28-4833-8720-309cb616fbd2 |
| 300 | ## | $a | Рукописный текст. Чернила |
| 606 | 1# | $2 | prlib_sh |
| | $3 | LIBNET\UAF\0000112095 |
| | $a | Библиотечные фонды |
| | $j | Архивные дела |
| | $x | Формирование |
| | $x | История |
| | $y | Россия |
| 606 | 1# | $2 | nlr_sh |
| | $3 | RU\NLR\AUTH\661266684 |
| | $a | Библиотечное дело |
| | $j | Архивные дела |
| | $x | История |
| | $y | Россия |
| 601 | 01 | $2 | nlr_sh |
| | $3 | RU\NLR\AUTH\661454179 |
| | $a | Россия |
| | $b | Министерство народного просвещения |
| | $j | Архивные дела |
| | $x | История |
| | $z | 1802 - 1917 |
| 605 | ## | $2 | acquisition_Prlib |
| | $3 | LIBNET\UAF\0000112070 |
| | $a | История библиотечного дела |
| | $l | коллекция |
| 605 | ## | $2 | acquisition_Prlib |
| | $3 | DITM\AF\0000003834 |
| | $a | Народ |
| | $l | коллекция |
| 605 | ## | $2 | acquisition_Prlib |
| | $3 | DITM\AF\0000002775 |
| | $a | Власть |
| | $l | коллекция |
| 686 | ## | $2 | rubbk |
| | $a | 78.33(2)ю1 |
| | $v | LBC/M |
| 686 | ## | $2 | rubbk |
| | $a | 63.3(2)52-33ю1 |
| | $v | LBC/M |
| 686 | ## | $2 | rubbk |
| | $a | 78.341ю1 |
| | $v | LBC/M |